00418nam a2200145Ia 4500008004100000020001800041041000800059082001900067100002600086245006300112250000600175260005300181300001300234650002500247210716s2008 xx 000 0 und d a9788120335363 aeng a174. 9658 DASS aDas, Subhash Chandra. aCorporate governance in India: an evaluation.bEvaluation. a1 aNew DelhibPrentice Hall of India PVt Ltd.c2008 axvii,242 aCorporate Governance